Readings in American history.

Bibliographic Details
Previous Title:Readings in American history
Format: Serial
Language:English
Published: Guilford, Conn. : Dushkin Pub. Group, 1973-
Series:Annual editions.
Subjects:
Online Availability: Check for online availability

MARC

Tag First Indicator Second Indicator Subfields
LEADER 00000cas a2200000 a 4500
001 in00000075044
005 20151008060253.0
008 730516d1973197uctuar1 h 0uuua0engm
010 |a  74187540  
012 |a 2  |b 3  |c -  |d 7  |e -  |f -  |g p  |h -  |i ---- 
022 |a 0090-4511 
035 |a (OCoLC)01790892 
035 |9 AAJ5441AM 
040 |a DLC  |c DLC  |d OCL  |d DLC  |d TXA  |d UtOrBLW 
042 |a lc  |a nsdp 
043 |a n-us--- 
049 |a TXAE 
050 0 0 |a E171  |b .A75 
082 0 |a 973/.05 
222 0 |a Annual editions. Readings in American history 
245 0 0 |a Readings in American history. 
246 1 3 |a Annual editions: readings in American history 
264 1 |a Guilford, Conn. :  |b Dushkin Pub. Group,  |c 1973- 
300 |a volumes :  |b illustrations ;  |c 28 cm. 
336 |a text  |b txt  |2 rdacontent 
337 |a unmediated  |b n  |2 rdamedia 
338 |a volume  |b nc  |2 rdacarrier 
362 0 |a 1972/73- 
490 1 |a Annual editions 
651 0 |a United States  |x History  |v Periodicals. 
651 0 |a United States  |x Historiography  |x Periodicals. 
651 0 |a United States  |x Civilization  |v Periodicals. 
780 0 0 |t Readings in American history  |w (OCoLC)6674631 
830 0 |a Annual editions. 
999 |a MARS 
999 f f |s 685b624f-f6aa-32f3-b3ad-536269baf90e  |i 4b6808b4-9a51-332f-a310-5770d0edd2bb  |t 0 
952 f f |p ric  |a Texas A&M University  |b Rellis Campus  |c Joint Library Facility  |d Remote Storage  |t 0  |e E171 .A75  |h Library of Congress classification  |i unmediated -- volume  |l 1972/1973  |m A14808311486 
998 f f |a E171 .A75  |s 1972/1973  |t 0  |l Remote Storage